• 首页
  • 本馆介绍
  • 公告通知
  • 最新文献
  • 馆藏检索
  • 电子资源
  • 读者导购
  • 参考咨询
  • 我的图书馆
  • 登录
  • 详细信息显示
  • 放入我的书架
  • 预约/预借图书
  • 作者相关作品
  • 分类相关作品
  • 丛书相关作品
  • 出版社相关作品

书目信息

  • 表格格式
  • 工作单格式
  • 卡片格式
题名:
SPSS for Windows 10.0 科研统计应用
    
 
作者: 贾恩志 , 王海燕 , 徐耀初 主编
分册:  
出版信息: 南京   东南大学  2001
页数: 247页
开本: 26cm
丛书名: 信息与计算科学丛书
单 册:
中图分类: R195.1-39
科图分类:
主题词: 医学统计--统计分析--软件包
电子资源:
ISBN: 7-81050-674-9
000 00772nam0 2200241 45
001 0302241578
005 20031219104104.4
010    @a7-81050-674-9@dCNY24.00
100    @a20030224d2001 km y0chiy0120 ea
101 0  @achi
105    @a z 000yy
200 1  @aSPSS for Windows 10.0 科研统计应用@ASPSS for Windows 10.0 Ke Yan Tong Ji Ying Yong@f贾恩志,王海燕,徐耀初主编@FJia En Zhi,Wang Hai Yan,Xu Yao Chu Zhu Bian
210    @a南京@c东南大学@d2001
215    @a247页@d26cm
225    @a信息与计算科学丛书
410    @12001 @a信息与计算科学丛书
606 0  @a医学统计@x统计分析@x软件包
690    @aR195.1-39@v4
701  0 @a贾恩志@4主编
701  0 @a王海燕@4主编
701  0 @a徐耀初@4主编
801    @aCN@bTSTC@c20030224
905    @b320024-027@dR195.1-39@e70@f4
    
    SPSS for Windows 10.0 科研统计应用/贾恩志,王海燕,徐耀初主编.-南京:东南大学,2001
    247页;26cm.-(信息与计算科学丛书)
    
    
    ISBN 7-81050-674-9:CNY24.00
    
●
相关链接 在E读中查询图书 在五车中查询图书 在当当中查询图书 在豆瓣中查询图书


正题名:SPSS for Windows 10.0 科研统计应用     索取号:R195.1-39/70         预约/预借

序号 登录号 条形码 馆藏地/架位号 状态 备注
1 0320024   203200240   第三借阅区/ [索取号:R195.1-39/70] 在馆    
2 0320025   203200259   第三借阅区/ [索取号:R195.1-39/70] 在馆    
3 0320026   203200268   第三借阅区/ [索取号:R195.1-39/70] 在馆    
4 0320027   203200277   第二样本阅览室/ [索取号:R195.1-39/70] 在馆    
5 0352148   3521488   第三借阅区/ [索取号:R195.1-39/70] 在馆    
唐山师范学院图书馆 欢迎您!
大连网信软件有限公司© 版权所有